| 000 | 00779nam a22002057a 4500 | ||
|---|---|---|---|
| 005 | 20230331110951.0 | ||
| 008 | 230331b ||||| |||| 00| 0 eng d | ||
| 020 | _q9781484284742 | ||
| 040 | _cAIMIT LIBRARY | ||
| 082 |
_21 _a374.22 _PAGC |
||
| 100 |
_aPagitsas, Chrissa. _980709 |
||
| 245 |
_aChief sustainability officers at work : _bhow CSOs build sucessful sustainability and ESG strategies / _cBy Chrissa Pagitsas. |
||
| 250 | _a1st ed. | ||
| 260 |
_aUSA _bApress _c2023 |
||
| 300 |
_axviii,336p. ; _bPB _c23 cm. |
||
| 650 |
_aConsumer goods hospitality and entertainment _980710 |
||
| 650 |
_aTechnology telecommunications and professional services _980711 |
||
| 650 |
_aEnergy building materials and equipment manufacturing _980712 |
||
| 942 |
_2ddc _cBK _e1st _k374.22 PAGC |
||
| 999 |
_c227119 _d227119 |
||